| Tag |
First Indicator |
Second Indicator |
Subfields |
| LEADER |
00000cam a2200000 a 4500 |
| 001 |
in00000007961 |
| 005 |
20151002070104.0 |
| 008 |
850930s1986 dcuab b 00110 eng |
| 010 |
|
|
|a 85024475
|
| 020 |
|
|
|a 0915707209
|
| 035 |
|
|
|a (OCoLC)12722772
|
| 035 |
|
|
|9 AAA0305AM
|
| 040 |
|
|
|a DLC
|c DLC
|d m/c
|d TXA
|d UtOrBLW
|
| 043 |
|
|
|a n-us-tx
|
| 050 |
0 |
0 |
|a KFT1458.A1
|b W43 1985
|
| 100 |
1 |
|
|a Weaver, Jacqueline Lang.
|
| 245 |
1 |
0 |
|a Unitization of oil and gas fields in Texas :
|b a study of legislative, administrative, and judicial policies /
|c Jacqueline Lang Weaver.
|
| 264 |
|
1 |
|a Washington, D.C. :
|b Resources for the Future ;
|c [1986]
|
| 264 |
|
2 |
|a [Baltimore, Md.] :
|b Johns Hopkins University Press [distributor],
|
| 264 |
|
4 |
|c ©1986
|
| 300 |
|
|
|a xvi, 555 pages :
|b illustrations, maps ;
|c 24 cm.
|
| 336 |
|
|
|a text
|b txt
|2 rdacontent
|
| 337 |
|
|
|a unmediated
|b n
|2 rdamedia
|
| 338 |
|
|
|a volume
|b nc
|2 rdacarrier
|
| 504 |
|
|
|a Bibliography: pages 371-532.
|
| 500 |
|
|
|a Includes index.
|
| 650 |
|
0 |
|a Unit operation of oil fields
|z Texas.
|
| 999 |
|
|
|a MARS
|
| 999 |
f |
f |
|s 54960c09-74bc-3a48-8348-c3b6e9abab10
|i 58cddda5-e992-3e4c-9356-d51ce89b7bca
|t 0
|
| 952 |
f |
f |
|p normal
|a Texas A&M University
|b College Station
|c Sterling C. Evans Library
|d Evans: Library Stacks
|t 0
|e KFT1458.A1 W43 1985
|h Library of Congress classification
|i unmediated -- volume
|m A14812628146
|
| 998 |
f |
f |
|a KFT1458.A1 W43 1985
|t 0
|l Evans: Library Stacks
|